| 000 | 00800nam a22002177a 4500 | ||
|---|---|---|---|
| 003 | OSt | ||
| 005 | 20260316060507.0 | ||
| 008 | 260316b |||||||| |||| 00| 0 eng d | ||
| 020 | _a978-142310149-9 | ||
| 040 |
_aDWCL GS lib _cOC |
||
| 082 | _2R585b 2008 | ||
| 100 | _aRIORDAN, RICK | ||
| 245 |
_aThe battle of the labyrinth _cRICK RIORDAN |
||
| 260 |
_aNew York: _b Disney.Hyperion Books _c2008 |
||
| 300 |
_a361 p _c19 cm |
||
| 520 | _aPercy and his friends (Annabeth, Grover, and Tyson) enter Daedalus’s shifting labyrinth to stop Luke Castellan from leading a Titan army invasion into Camp Half-Blood. | ||
| 650 | _aIt follows fourteen-year-old Percy Jackson and his friends | ||
| 650 | _arevolve around the importance of personal choices | ||
| 700 | _aRICK RIORDAN | ||
| 942 |
_2ddc _cFIC. _n0 |
||
| 999 |
_c9144 _d9144 |
||